01877nam a2200241 a 4500008004100000020001800041050001400059100003700073245016800110260002800278300003500306337001300341338003200354490004600386500000600432505105600438650001901494650002501513650002401538700002101562700002601583700002601609190514s2016 ||||||||||||||||| || u a9781783606238 aHC 79 Dev aOttemoller, Fungisai P. Gwanzura10aDevelopment and sustainability : the challenge of social changecedited by Fungisai Gwanzura Ottemöller; Maurice Mittelmark; Gro Therese Lie; Alberto Cimadamore. aLondonbZed Booksc2016 aix, 182 pages, : illustrations acomputer aonline resource2rdacarrier aInternational studies in poverty research a. aForeword by Dag Rune Olsen 1. Development and Sustainability Science: Transdisciplinary Knowledge for Positive Social Change - Alberto D. Cimadamore, Fungisai P. Gwanzura Ottemöller, Gro Therese Lie and Maurice B. Mittelmark 2. Seeking Wisdom: A Transdisciplinary Perspective on Australian Indigenous Practices and Planetary Management - Mark G. Edwards 3. Policies for Poverty Reduction in a Transformative Green Economy - Enrique Delamonica 4. Health Promotion and Sustainable Development in Kazakhstan - Altyn Aringazina 5. Children's Literacy in Health and Sustainability - Neil Chadborn and Jane Springett 6. Participatory Research as a Tool for Change in Ecosystem Approaches to Health and Social Equity - Jane Springett 7. Connecting Development and Sustainability: Empowering People to Effective International Cooperation - Cristine Koehler Zanella 8. Sustainability and Transdisciplinary Knowledge: Experience Gained and Challenges Ahead - Gro Therese Lie, Alberto D. Cimadamore, Maurice B. Mittelmark and Fungisai P. Gwanzura Ottemöller; 0aSUSTAINABILITY 0aECONOMIC DEVELOPMENT 0aECONOMIC ASSISTANCE aLie, Gro Therese aMittelmark, Maurice B aCimadamore, Alberto D